Music Quiz

Random Music or Album Quiz

Lou Reed Albums Quiz Stats

 Plays Quiz Updated Feb 27, 2018

Score 0/26 Timer 07:00
0 Plays Today
Year Album % Correct
The Velvet UndergroundThe Velvet Underground
93%
SoloTransformer
82.9%
The Velvet UndergroundThe Velvet Underground & Nico
78.3%
SoloBerlin
74.4%
The Velvet UndergroundLoaded
72.6%
SoloLou Reed
72%
The Velvet UndergroundWhite Light/White Heat
71.1%
SoloNew York
65.7%
SoloMetal Machine Music
65.1%
Solo Coney Island Baby
55.2%
Solo Lulu (with Metallica)
53.1%
SoloThe Blue Mask
52.2%
SoloSally Can't Dance
48.3%
Year Album % Correct
SoloSongs for Drella (with John Cale)
44.9%
SoloThe Raven
44.5%
Solo Street Hassle
44.3%
SoloMagic and Loss
39%
Solo The Bells
36.7%
SoloEcstasy
31.9%
SoloNew Sensations
31.1%
SoloMistrial
30.9%
Solo Rock and Roll Heart
30.4%
SoloSet the Twilight Reeling
29.8%
Solo Growing Up in Public
29.4%
SoloLegendary Hearts
26.2%
Solo Hudson River Wind Meditations
16.5%

You're not logged in!

Compare scores with friends on all Sporcle quizzes.
OR
Log In

Sporcle TV

Today on Sporcle TV


Watch our educational content, quiz creation guides, and fun videos on Sporcle TV.

Show Comments

Extras

Top Quizzes Today


Score Distribution

Your Account Isn't Verified!

In order to create a playlist on Sporcle, you need to verify the email address you used during registration. Go to your Sporcle Settings to finish the process.

Report this User

Report this user for behavior that violates our Community Guidelines.

Details: